A documentary history of the United States

Saved in:
Bibliografiske detaljer
Hovedforfatter: Heffner, Richard D (Author)
Format: Bog
Sprog:engelsk
Udgivet: Nueva York The New American Library of World Literature 1956
Fag:
Tags: Tilføj Tag
Ingen Tags, Vær først til at tagge denne postø!

MARC

LEADER 00000nam a2200000 a 4500
001 UCO1124
003 CL-VaPUC
008 000512e19560000US |||||||||||||||||eng|d
082 0 4 |a 973  |b HEF  |2 21 
100 |a Heffner, Richard D  |e author  |9 442962 
245 1 2 |a A documentary history of the United States 
300 |a 303 p 
942 |c BK 
945 |d 20000512 00:00:00  |a crobeson 
260 |a Nueva York  |b The New American Library of World Literature  |c 1956 
650 7 |a HISTORIA ESTADOUNIDENSE  |2 CL-VaPUC  |9 350346 
650 7 |a FUENTES  |2 CL-VaPUC  |9 255666 
650 7 |a DOCUMENTOS  |2 CL-VaPUC  |9 366450 
650 7 |a DECLARACION DE INDEPENDENCIA  |2 CL-VaPUC  |9 442875 
650 0 |a Constituciones  |9 255417 
650 0 |a Discursos   |9 265028 
651 0 |a Estados Unidos  |9 255178 
583 |a last modification  |c 20000512 00:00:00  |k Rodrigo Vera 
999 |c 287753  |d 287751 
952 |0 0  |1 0  |4 0  |6 973_000000000000000_HEF_1956  |7 0  |8 A  |9 334780  |a BIBHIS  |b BIBHIS  |d 2019-11-20  |i 1273817  |o 973 HEF 1956  |p 1273817  |r 2025-01-20  |w 2019-11-20  |y BK  |k HIS